000 00627nam a2200217Ia 4500
999 _c41106
_d41106
001 7756
003 GE_BSU
005 20221116112300.0
008 181216s2004en xx |||||||||||||| ||eng||
020 _a0072435801 x
040 _cGE_BSU
041 _aeng
080 _a692.5 P-54
100 _aPeurifoy R.L.
_914743
245 _aEstimating Construction Costs /
_cR.L. Peurifoy
264 _aBoston :
_bMc Graw-Hill,
_c2004.
300 _a560p
_bIII, CD
_c25 cm.
653 _aEstimating Construction Costs
653 _aმშენებლობის ხარჯების შეფასება
942 _cBK
_2udc